000 00288nam a22001337a 4500
008 171213b xxu||||| |||| 00| 0 eng d
020 _a9780314063533
041 _aeng
080 _a54
100 _a12
101 _aKIM
245 _aGENERAL CHEMISTRY
_cUMLAND.J.B
942 _2udc
_cBK
999 _c38883
_d38883